effect of different seedling age and hill spacing on phkarumchong rice variety at royal university of Agriculture ឥទ្ធិពលនៃអាយុសំណាប និង ចន្លោះគុម្ពខុសៗ គ្នាលើពូជស្រូវផ្ការំចង់ នៅសាកលវីទ្យាល័យភូមិន្ទកសិកម្ម) (Record no. 897)

000 -LEADER
fixed length control field 00737nam a22001337a 4500
040 ## - CATALOGING SOURCE
Transcribing agency RUA
082 ## - DEWEY DECIMAL CLASSIFICATION NUMBER
Classification number AGR MEC 2009 B041 Or.1
100 ## - MAIN ENTRY--AUTHOR NAME
Personal name MECH, SAMSONG.
245 ## - TITLE STATEMENT
Title effect of different seedling age and hill spacing on phkarumchong rice variety at royal university of Agriculture ឥទ្ធិពលនៃអាយុសំណាប និង ចន្លោះគុម្ពខុសៗ គ្នាលើពូជស្រូវផ្ការំចង់ នៅសាកលវីទ្យាល័យភូមិន្ទកសិកម្ម)
260 ## - PUBLICATION, DISTRIBUTION, ETC. (IMPRINT)
Place of publication Phnom Penh
Name of publisher RUA
Year of publication 2009
300 ## - PHYSICAL DESCRIPTION
Number of Pages Xii, 63p.
Other physical details ill.
Dimensions 29cm.
856 ## - ELECTRONIC LOCATION AND ACCESS
Uniform Resource Identifier https://drive.google.com/file/d/1nsBYmf82-wjlPzX46jm4b4AB_TA5GolZ/view?usp=sharing
942 ## - ADDED ENTRY ELEMENTS (KOHA)
Koha item type AGR
952 ## - LOCATION AND ITEM INFORMATION (KOHA)
Withdrawn status [LOCAL, KOHA] 0
952 ## - LOCATION AND ITEM INFORMATION (KOHA)
Withdrawn status [LOCAL, KOHA] 0
952 ## - LOCATION AND ITEM INFORMATION (KOHA)
Withdrawn status [LOCAL, KOHA] 0
952 ## - LOCATION AND ITEM INFORMATION (KOHA)
Withdrawn status [LOCAL, KOHA] 0
952 ## - LOCATION AND ITEM INFORMATION (KOHA)
Withdrawn status [LOCAL, KOHA] 0
952 ## - LOCATION AND ITEM INFORMATION (KOHA)
Withdrawn status [LOCAL, KOHA] 0
952 ## - LOCATION AND ITEM INFORMATION (KOHA)
Withdrawn status [LOCAL, KOHA] 0
952 ## - LOCATION AND ITEM INFORMATION (KOHA)
Withdrawn status [LOCAL, KOHA] 0
952 ## - LOCATION AND ITEM INFORMATION (KOHA)
Withdrawn status [LOCAL, KOHA] 0
952 ## - LOCATION AND ITEM INFORMATION (KOHA)
Withdrawn status [LOCAL, KOHA] 0
Holdings
Permanent Location Date acquired Koha item type Lost status Shelving location Barcode Current Location Full call number
Library Block B2015-09-20AGR B041RUA000065Library Block BAGR MEC 2009 B041 Or.1
Library Block B2015-09-20AGR B041RUA000137Library Block BAGR MEC 2009 B041 Or.2
Library Block B2015-09-20AGR B041RUA000214Library Block BAGR MEC 2009 B041 Or.3
Library Block B2015-09-20AGR B041RUA000208Library Block BAGR MEC 2009 B041 Or.4
Library Block B2015-09-20AGR B041RUA000140Library Block BAGR MEC 2009 B041 Or.5
Library Block B2015-09-20AGR B041RUA000064Library Block BAGR MEC 2009 B041 Or.6
Library Block B2015-09-20AGR B041RUA000136Library Block BAGR MEC 2009 B041 Or.7
Library Block B2015-09-20AGR B041RUA000129Library Block BAGR MEC 2009 B041 Or.8
Library Block B2015-09-20AGR B041RUA000068Library Block BAGR MEC 2009 B041 Or.9
Library Block B2015-09-21AGR B041RUA000546Library Block BAGR MEC 2009 B041 Or.10
មជ្ឈមណ្ឌលឯការនៃសាកលវិទ្យាល័យភូមិន្ទកសិកម្មចំការដូង

Powered by Koha